000 00352nam a2200133Ia 4500
005 20251222143142.0
008 251222s9999||||xx |||||||||||||| ||spa||
082 _a348.023/T69/2014
100 _aTorres Carrasco, Manuel Alberto
245 0 _aEstudios Críticos sobre el Código Civil
250 _a1a.ed.
264 _bGaceta Jurídica
942 _cLIB
999 _c12344
_d12344